FACTBOOK of history
| Format: | Book |
|---|---|
| Published: |
London :
Rainbow Books ,
1993
|
| Edition: | Rer. and updated |
| Subjects: |
MARC
| LEADER | 00000cam a2200000 7i4500 | ||
|---|---|---|---|
| 001 | 0000002504 | ||
| 002 | 000002728 | ||
| 005 | 20000330.0 | ||
| 020 | |a 187174508X | ||
| 090 | 0 | 0 | |a 900 |b FAC |
| 245 | 0 | 0 | |a FACTBOOK of history |
| 250 | |a Rer. and updated | ||
| 260 | |a London : |b Rainbow Books , |c 1993 | ||
| 300 | |a 238p. ; |c 18cm. | ||
| 650 | 0 | 0 | |a Historical events |
| 999 | |a 036210 |b BUKU |c PINJAMAN |e PERPUSTAKAAN KOMUNITI PETALING JAYA | ||